[Event "25th Zadar Open 2018"]
[Site "Zadar"]
[Date "2018.12.21"]
[Round "8.7"]
[White "Plenca, Jadranko"]
[Black "Paszewski, Mateusz"]
[Result "1-0"]
[WhiteElo "2475"]
[BlackElo "2342"]
[Annotator "ChessBase"]
[PlyCount "95"]
[EventDate "2018.12.15"]
[EventType "swiss"]
[EventCountry "CRO"]
[SourceTitle "playchess.com"]
[Source "ChessBase"]
[SourceQuality "1"]
[TimeControl "40/5400+30:1800+30"]

1. e4 {[%emt 0:01:30]} c5 {[%emt 0:00:30]} 2. Nf3 {[%emt 0:00:30]} d6 {[%emt 0:00:00]} 3. Bb5+ {[%emt 0:00:00]} Nd7 {[%emt 0:00:00]} 4. Ba4 {[%emt 0:01:00]} Ngf6 {[%emt 0:04:30]} 5. O-O {[%emt 0:00:30]} g6 {[%emt 0:00:30]} 6. Re1 {[%emt 0:00:30]} Bg7 {[%emt 0:00:30]} 7. c3 {[%emt 0:00:00]} O-O {[%emt 0:05:30]} 8. d4 {[%emt 0:00:00]} Qc7 {[%emt 0:09:30]} 9. h3 {[%emt 0:04:30]} e6 {[%emt 0:05:30]} 10. Bf4 {[%emt 0:04:30]} Rd8 {[%emt 0:07:30]} 11. Nbd2 {[%emt 0:04:30]} e5 {[%emt 0:05:30]} 12. Bh2 {[%emt 0:02:30]} a6 {[%emt 0:01:30]} 13. Bc2 {[%emt 0:10:30]} b5 {[%emt 0:01:30]} 14. Rc1 {[%emt 0:11:30]} Bb7 {[%emt 0:02:30]} 15. Bb1 {[%emt 0:02:30]} Rac8 {[%emt 0:05:30]} 16. d5 {[%emt 0:03:30]} c4 {[%emt 0:05:30]} 17. Nf1 {[%emt 0:02:30]} Nc5 {[%emt 0:01:30]} 18. Qd2 {[%emt 0:00:30]} Qe7 {[%emt 0:05:30]} 19. Kh1 {[%emt 0:00:30]} a5 {[%emt 0:03:30]} 20. g4 {[%emt 0:11:30]} Ba6 {[%emt 0:01:30]} 21. Bg3 {[%emt 0:01:30]} Rb8 {[%emt 0:02:30]} 22. Bh4 {[%emt 0:01:30]} Rdc8 {[%emt 0:02:30]} 23. Ng3 {[%emt 0:03:30]} b4 {[%emt 0:01:30]} 24. Bg5 {[%emt 0:07:30]} bxc3 {[%emt 0:02:30]} 25. bxc3 {[%emt 0:01:30]} Qf8 {[%emt 0:02:30]} 26. Rg1 {[%emt 0:03:30]} Rc7 {[%emt 0:02:30]} 27. Be3 {[%emt 0:04:44]} Kh8 {[%emt 0:04:12]} 28. Bc2 {[%emt 0:05:17]} Rb2 {[%emt 0:03:46]} 29. Qd1 {[%emt 0:00:04]} Rxa2 {[%emt 0:03:19]} 30. Ra1 {[%emt 0:00:06]} Rxa1 {[%emt 0:01:45]} 31. Qxa1 {[%emt 0:00:04]} Nb3 {[%emt 0:01:19]} 32. Qa3 {[%emt 0:02:07]} Nd7 {[%emt 0:03:02]} 33. Nd2 {[%emt 0:01:55]} Ndc5 {[%emt 0:02:38]} 34. Bxb3 {[%emt 0:01:45]} cxb3 {[%emt 0:00:33]} 35. Nxb3 {[%emt 0:00:15]} Nxb3 {[%emt 0:01:08]} 36. Qxb3 {[%emt 0:00:05]} Qc8 {[%emt 0:00:26]} 37. Rc1 {[%emt 0:01:37]} h5 {[%emt 0:02:16]} 38. gxh5 {[%emt 0:01:43]} Qxh3+ {[%emt 0:01:37]} 39. Kg1 {[%emt 0:00:03]} gxh5 {[%emt 0:00:40]} 40. Qb6 {[%emt 0:00:00]} h4 {[%emt 0:00:00]} 41. Nf5 {[%emt 0:08:45]} Rc8 {[%emt 0:07:49]} 42. Nxd6 {[%emt 0:12:21]} Be2 {[%emt 0:13:58]} 43. Nxf7+ {[%emt 0:00:16]} Kg8 {[%emt 0:00:02]} 44. Ng5 {[%emt 0:00:38]} Qd7 {[%emt 0:00:15]} 45. Qg6 {[%emt 0:01:26]} Bg4 {[%emt 0:01:31]} 46. f3 {[%emt 0:00:25]} Bh3 {[%emt 0:00:21]} 47. Qh7+ {[%emt 0:00:13]} Kf8 {[%emt 0:00:02]} 48. Qxh4 {[%emt 0:00:07]} 1-0

[Event "25th Zadar Open 2018"]
[Site "Zadar"]
[Date "2018.12.21"]
[Round "8.8"]
[White "Livaic, Leon"]
[Black "Nester, Ihor"]
[Result "1-0"]
[WhiteElo "2474"]
[BlackElo "2337"]
[Annotator "TA"]
[PlyCount "119"]
[EventDate "2018.12.15"]
[EventType "swiss"]
[EventCountry "CRO"]
[SourceTitle "playchess.com"]
[Source "ChessBase"]
[SourceQuality "1"]

{[%evp 27,119,36,42,28,33,18,53,57,50,53,49,49,47,45,52,49,102,85,85,86,85,83,85,85,70,81,77,76,185,189,191,179,191,190,183,181,181,186,183,160,181,163,286,202,227,202,239,241,279,276,275,274,327,314,469,385,564,455,545,568,571,372,364,218,203,202,197,155,145,136,173,165,164,163,249,249,245,239,250,237,321,280,1740,1902,1702,1702,915,674,6491,6128,29965,29965,5608,5089]} 1. d4 f5 2. c4 Nf6 3. g3 g6 4. Bg2 Bg7 5. Nf3 O-O 6. O-O d6 7. Nc3 Qe8 8. d5 a5 9. Nd4 Na6 10. b3 Bd7 11. Rb1 Nc5 12. Bb2 c6 13. a3 e5 {A87: Dutch Defence: Leningrad System: 5 Nf3} (13... Rc8 14. Ba1 Qf7 15. Qd2 Rfd8 16. Rfd1 Rf8 17. Na4 Nxa4 18. bxa4 cxd5 19. cxd5 Bxa4 20. Rdc1 Ne4 21. Qxa5 {½-½ (91) Peralta,F (2608)-Koch,J (2476) Mulhouse 2011}) 14. dxe6 Bxe6 {LiveBook: 3 Games} 15. Nxe6 Qxe6 {White has an edge.} 16. Qc2 Nfe4 $146 ({Predecessor:} 16... Rfe8 17. Rfd1 Rad8 18. e3 Nfe4 19. Nxe4 Nxe4 20. Bxg7 Kxg7 21. Rd4 {1-0 (54) Matsenko,S (2440)-Gutenev,A (2280) Herceg Novi 2008}) 17. Nxe4 Nxe4 18. Bxg7 Kxg7 19. Rbd1 Qe5 20. e3 Rfe8 21. Rd4 Qc5 (21... Re7 $14) 22. Rfd1 {[%cal Rg2e4]} Rad8 23. b4 axb4 24. axb4 Qe5 25. f4 $36 {[%mdl 2048] White is in control.} Qe7 26. Bxe4 fxe4 27. Qd2 {[%cal Rd4d6]} d5 (27... Qe6 $16) 28. cxd5 $18 cxd5 29. Qc3 ({Don't do} 29. Rxd5 $6 Rxd5 30. Qxd5 Qxb4 $16) 29... Qf6 30. Qc7+ Kg8 31. Qxb7 Re7 32. Qb5 Red7 33. Qc5 Qe6 34. b5 Rd6 (34... h5 $142 35. R4d2 h4) 35. Qc3 Rc8 36. Qd2 Rc5 {[#]} 37. Qb4 $1 {[%cal Rb4c5]} Rc2 38. R4d2 Rc8 39. Qd4 Rb8 40. Ra1 Rd7 (40... Qf6 $142 41. Qxf6 Rxf6 42. Rxd5 Rf5 43. Rxf5 gxf5) 41. Ra6 Qg4 (41... Qe8 {might work better.} 42. b6 Qd8) 42. Qe5 Rc8 43. Rc6 Ra8 44. Rc1 Qf5 45. Rc5 (45. Qb2 $142) 45... Qxe5 46. fxe5 Kf7 47. Rcxd5 Rxd5 48. Rxd5 {[%mdl 4096] Endgame KR-KR} Ke6 49. Rd1 Rb8 50. Rb1 Rb6 (50... Kxe5 $142 51. b6 Ke6) 51. h4 Kxe5 52. Kg2 Kf5 53. Kh3 h5 54. Rb4 g5 $2 {[#]} (54... Ke5 55. g4 Kf6) 55. hxg5 Kxg5 56. Rb1 Kg6 57. Kh4 Kf5 58. Kxh5 Rb8 59. g4+ {[%cal Bg3g4,Bg4g5][%mdl 32]} Kf6 60. g5+ {Accuracy: White = 86%, Black = 26%.} 1-0

[Event "25th Zadar Open 2018"]
[Site "Zadar"]
[Date "2018.12.21"]
[Round "8.9"]
[White "Dixit, Nikhil"]
[Black "Loncar, Robert"]
[Result "1/2-1/2"]
[WhiteElo "2292"]
[BlackElo "2397"]
[Annotator "NA"]
[PlyCount "62"]
[EventDate "2018.12.15"]
[EventType "swiss"]
[EventCountry "CRO"]
[SourceTitle "playchess.com"]
[Source "ChessBase"]
[SourceQuality "1"]
[TimeControl "40/5400+30:1800+30"]

1. e4 {[%emt 0:00:30]} c5 {[%emt 0:02:30]} 2. Nf3 {[%emt 0:00:00]} e6 {[%emt 0:00:00]} 3. b3 {[%emt 0:00:00]} Ne7 {[%emt 0:00:00] B40: Sicilian: 2...e6, Unusual lines} (3... d6 4. Bb2 Bd7 5. d4 cxd4 6. Nxd4 Nf6 7. Bd3 Na6 8. c4 Be7 9. Nc3 O-O 10. O-O Nb4 11. Be2 a6 {1-0 (57) Antipov,M (2593)-Dubov,D (2703) Sochi 2018}) 4. Bb2 {[%emt 0:00:30]} a6 {[%emt 0:00:30]} 5. d4 {[%emt 0:00:30]} cxd4 {[%emt 0:00:30]} 6. Nxd4 {[%emt 0:00:30]} d5 $146 {[%emt 0:02:30]} ({Predecessor:} 6... Nbc6 7. Be2 Nxd4 8. Bxd4 Nc6 9. Bb2 Bc5 10. O-O O-O 11. c4 {1-0 (30) Huhnstock,R (1876)-Schuffenhauer,R (1633) Bingen 2008}) 7. exd5 {[%emt 0:06:30]} Nxd5 {[%emt 0:09:30]} 8. Be2 {[%emt 0:03:30]} Bb4+ {[%emt 0:02:30]} 9. c3 {[%emt 0:00:30]} Bd6 {[%emt 0:10:30]} 10. O-O {[%emt 0:04:30]} Qc7 {[%emt 0:00:30]} 11. g3 {[%emt 0:01:30]} O-O {[%emt 0:02:30]} 12. c4 {[%emt 0:04:30]} Nf6 {[%emt 0:00:30]} 13. Nc3 {[%emt 0:02:30]} Rd8 {[%emt 0:06:30]} 14. Qc2 {[%emt 0:01:30]} Bc5 {[%emt 0:08:30]} 15. Nf3 {[%emt 0:00:30]} Nbd7 {[%emt 0:04:30]} 16. Ne4 {[%emt 0:04:30]} Be7 {[%emt 0:02:30]} 17. Rad1 {[%emt 0:06:30]} b6 {[%emt 0:07:30]} 18. Nxf6+ {[%emt 0:12:30]} Bxf6 {[%emt 0:01:30]} 19. Bxf6 {[%emt 0:01:30]} gxf6 {[%emt 0:10:30]} 20. Qc1 {[%emt 0:09:30]} Bb7 {[%emt 0:05:30]} 21. Qh6 {[%emt 0:01:30]} Qc6 {[%emt 0:05:50]} 22. Rd4 {[%emt 0:05:30]} Ne5 {[%emt 0:00:03]} 23. Rxd8+ $11 {[%emt 0:02:30]} Rxd8 {[%emt 0:01:10]} 24. Qxf6 {[%emt 0:00:30]} Nxf3+ {[%emt 0:03:10]} 25. Bxf3 {[%emt 0:01:30]} Qxf3 {[%emt 0:00:03]} 26. Qxd8+ {[%emt 0:00:00]} Kg7 {[%emt 0:00:04]} 27. Qg5+ {[%emt 0:01:00]} Kf8 {[%emt 0:00:43]} 28. Qd8+ {[%emt 0:00:00]} Kg7 {[%emt 0:00:10]} 29. Qg5+ {[%emt 0:00:00]} Kf8 {[%emt 0:00:07]} 30. Qd8+ {[%emt 0:00:30]} Kg7 {[%emt 0:00:02]} 31. Qg5+ {[%emt 0:00:00]} Kf8 {[%emt 0:00:58]} 1/2-1/2

[Event "25th Zadar Open 2018"]
[Site "Zadar"]
[Date "2018.12.21"]
[Round "8.10"]
[White "Sutkovic, Damir"]
[Black "Saric, Ibro"]
[Result "0-1"]
[WhiteElo "2345"]
[BlackElo "2559"]
[Annotator "RC"]
[PlyCount "74"]
[EventDate "2018.12.15"]
[EventType "swiss"]
[EventCountry "CRO"]
[SourceTitle "playchess.com"]
[Source "ChessBase"]
[SourceQuality "1"]
[TimeControl "40/5400+30:1800+30"]

1. d4 {[%emt 0:00:30]} Nf6 {[%emt 0:00:30]} 2. c4 {[%emt 0:00:00]} e6 {[%emt 0:00:30]} 3. Nc3 {[%emt 0:00:00]} Bb4 {[%emt 0:00:00]} 4. f3 {[%emt 0:00:00]} Nc6 {[%emt 0:01:00]} 5. e4 {[%emt 0:01:00]} d5 {[%emt 0:00:30]} 6. cxd5 {[%emt 0:00:30]} exd5 {[%emt 0:00:30]} 7. e5 {[%emt 0:00:00]} Ng8 {[%emt 0:00:00]} 8. f4 {[%emt 0:00:00]} Nge7 {[%emt 0:01:00]} 9. Be3 {[%emt 0:01:30]} O-O {[%emt 0:07:30]} 10. Nf3 {[%emt 0:00:00]} Bg4 {[%emt 0:02:30]} 11. h3 {[%emt 0:09:00]} Bxf3 {[%emt 0:02:30]} 12. Qxf3 {[%emt 0:00:30]} f6 {[%emt 0:05:30]} 13. exf6 {[%emt 0:12:30]} Nf5 {[%emt 0:01:30]} 14. O-O-O {[%emt 0:01:30]} Bxc3 {[%emt 0:06:30]} 15. bxc3 {[%emt 0:00:30]} Nxe3 {[%emt 0:00:30]} 16. Qxe3 {[%emt 0:02:30]} Rxf6 {[%emt 0:01:30]} 17. Bd3 {[%emt 0:02:30]} Qf8 {[%emt 0:05:30]} 18. Kb1 {[%emt 0:09:30]} Na5 {[%emt 0:07:30]} 19. Rd2 {[%emt 0:05:30]} Rxf4 {[%emt 0:16:30]} 20. Qe5 {[%emt 0:01:30]} Qf7 {[%emt 0:00:30]} 21. Re1 {[%emt 0:00:30]} Nc4 {[%emt 0:07:30]} 22. Bxc4 {[%emt 0:00:30]} dxc4 {[%emt 0:00:00]} 23. Rb2 {[%emt 0:03:30]} b6 {[%emt 0:01:00]} 24. Rb4 {[%emt 0:04:30]} Rf8 {[%emt 0:09:30]} 25. Qe2 {[%emt 0:08:30]} c5 {[%emt 0:14:33]} 26. dxc5 {[%emt 0:07:30]} Qf5+ {[%emt 0:00:06]} 27. Ka1 {[%emt 0:02:30]} Qxc5 {[%emt 0:00:16]} 28. g3 {[%emt 0:00:30]} Rf3 {[%emt 0:02:09]} 29. Qe6+ {[%emt 0:05:30]} Kh8 {[%emt 0:00:33]} 30. Rxc4 {[%emt 0:00:30]} Qf2 {[%emt 0:00:32]} 31. Rc8 {[%emt 0:10:42]} Qxg3 {[%emt 0:01:21]} 32. Re3 {[%emt 0:10:30]} Qg1+ {[%emt 0:00:38]} 33. Kb2 {[%emt 0:00:20]} Rf2+ {[%emt 0:00:57]} 34. Ka3 {[%emt 0:00:39]} Qc1+ {[%emt 0:01:24]} 35. Ka4 {[%emt 0:00:48]} Rxa2+ {[%emt 0:01:53]} 36. Kb5 {[%emt 0:00:34]} Ra5+ {[%emt 0:00:22]} 37. Kc6 {[%emt 0:01:15]} Rc5+ {[%emt 0:00:11]} 0-1

[Event "25th Zadar Open 2018"]
[Site "Zadar"]
[Date "2018.12.21"]
[Round "8.11"]
[White "Nielsen, Rogvi Egilstoft"]
[Black "Martinovic, Sasa"]
[Result "0-1"]
[WhiteElo "2339"]
[BlackElo "2554"]
[Annotator "ChessBase"]
[PlyCount "98"]
[EventDate "2018.12.15"]
[EventType "swiss"]
[EventCountry "CRO"]
[SourceTitle "playchess.com"]
[Source "ChessBase"]
[SourceQuality "1"]
[TimeControl "40/5400+30:1800+30"]

1. e4 {[%emt 0:00:30]} c5 {[%emt 0:00:30]} 2. c3 {[%emt 0:00:00]} Nf6 {[%emt 0:00:00]} 3. e5 {[%emt 0:00:00]} Nd5 {[%emt 0:00:00]} 4. d4 {[%emt 0:01:30]} cxd4 {[%emt 0:00:00]} 5. cxd4 {[%emt 0:00:30]} d6 {[%emt 0:00:00]} 6. Nf3 {[%emt 0:00:00]} Nc6 {[%emt 0:00:30]} 7. Bc4 {[%emt 0:00:00]} Nb6 {[%emt 0:00:30]} 8. Bb5 {[%emt 0:02:30]} Bd7 {[%emt 0:00:30]} 9. Nc3 {[%emt 0:02:30]} dxe5 {[%emt 0:00:30]} 10. dxe5 {[%emt 0:00:30]} g6 {[%emt 0:00:30]} 11. O-O {[%emt 0:21:30]} Bg7 {[%emt 0:00:00]} 12. Re1 {[%emt 0:06:30]} O-O {[%emt 0:02:00]} 13. h3 {[%emt 0:01:30]} Qc7 {[%emt 0:08:30]} 14. Qe2 {[%emt 0:19:30]} Rad8 {[%emt 0:10:30]} 15. a4 {[%emt 0:04:30]} Be6 {[%emt 0:06:30]} 16. Be3 {[%emt 0:05:30]} Nd5 {[%emt 0:12:30]} 17. Rac1 {[%emt 0:03:30]} Nxe3 {[%emt 0:02:30]} 18. Qxe3 {[%emt 0:02:30]} Qb6 {[%emt 0:00:00]} 19. Qxb6 {[%emt 0:16:29]} axb6 {[%emt 0:00:00]} 20. Ng5 {[%emt 0:00:09]} Bb3 {[%emt 0:04:30]} 21. f4 {[%emt 0:00:15]} Bh6 {[%emt 0:02:30]} 22. g3 {[%emt 0:03:59]} Bxg5 {[%emt 0:10:30]} 23. fxg5 {[%emt 0:00:03]} Rd2 {[%emt 0:00:00]} 24. Ne4 {[%emt 0:03:44]} Rd4 {[%emt 0:01:00]} 25. Nc3 {[%emt 0:01:58]} Rfd8 {[%emt 0:00:30]} 26. Re2 {[%emt 0:00:26]} Rd2 {[%emt 0:07:30]} 27. Rce1 {[%emt 0:01:20]} Kg7 {[%emt 0:00:00]} 28. h4 {[%emt 0:00:54]} R8d4 {[%emt 0:03:00]} 29. Kf1 {[%emt 0:00:20]} Be6 {[%emt 0:00:30]} 30. Rxd2 {[%emt 0:00:47]} Rxd2 {[%emt 0:00:00]} 31. Bxc6 {[%emt 0:00:05]} bxc6 {[%emt 0:00:00]} 32. Rd1 {[%emt 0:00:02]} Rxb2 {[%emt 0:01:30]} 33. Rd8 {[%emt 0:00:15]} f5 {[%emt 0:03:30]} 34. exf6+ {[%emt 0:01:05]} exf6 {[%emt 0:00:30]} 35. Ne4 {[%emt 0:00:29]} fxg5 {[%emt 0:02:30]} 36. hxg5 {[%emt 0:00:17]} Rb4 {[%emt 0:10:07]} 37. Nf6 {[%emt 0:00:36]} Rxa4 {[%emt 0:00:06]} 38. Rd6 {[%emt 0:00:27]} Bh3+ {[%emt 0:00:44]} 39. Kf2 {[%emt 0:01:07]} Rc4 {[%emt 0:00:03]} 40. Rd8 {[%emt 0:00:00]} Rc5 {[%emt 0:00:00]} 41. Ne4 {[%emt 0:04:43]} Re5 {[%emt 0:10:00]} 42. Nd6 {[%emt 0:00:00]} Rxg5 {[%emt 0:05:30]} 43. Rb8 {[%emt 0:00:00]} Rd5 {[%emt 0:02:30]} 44. Rb7+ {[%emt 0:00:30]} Kh6 {[%emt 0:03:30]} 45. Ne4 {[%emt 0:02:30]} b5 {[%emt 0:02:30]} 46. Rc7 {[%emt 0:00:30]} Rf5+ {[%emt 0:01:30]} 47. Kg1 {[%emt 0:01:30]} Rf1+ {[%emt 0:00:30]} 48. Kh2 {[%emt 0:00:30]} Be6 {[%emt 0:00:30]} 49. g4 {[%emt 0:01:30]} Bxg4 {[%emt 0:00:30]} 0-1

[Event "25th Zadar Open 2018"]
[Site "Zadar"]
[Date "2018.12.21"]
[Round "8.12"]
[White "Volotovsky, Kirill"]
[Black "Tomazini, Zan"]
[Result "0-1"]
[WhiteElo "2179"]
[BlackElo "2437"]
[Annotator "TA"]
[PlyCount "160"]
[EventDate "2018.12.15"]
[EventType "swiss"]
[EventCountry "CRO"]
[SourceTitle "playchess.com"]
[Source "ChessBase"]
[SourceQuality "1"]

{[%evp 14,160,43,12,18,-25,-17,-26,-18,-41,14,3,0,0,10,-47,-41,-83,-22,-35,63,-80,-80,-80,-80,-97,-80,-80,-80,-80,-76,-100,-100,-100,-100,-100,-100,-89,-91,-147,-149,-150,-157,-309,-237,-237,-242,-384,-379,-354,-302,-300,-241,-216,-228,-416,-300,-481,-353,-507,-510,-504,-496,-484,-490,-654,-549,-561,-556,-827,-825,-6652,-7385,-29962,-29961,-7316,-6307,-6149,-1547,-3512,0,-788,-451,-593,-443,-443,-443,-443,-439,-412,-405,-467,-445,-2904,-5758,-5756,-5756,-5708,-2786,-5727,-5185,-1946,-2019,-29973,-29974,-2628,-29975,-29975,-29975,-4814,0,-1362,-1294,-1170,-1500,-1033,-998,-3332,-3705,-1672,-1636,-29979,-29980,-29985,-29986,-29988,-29988,-29988,-29988,-29988,-29989,-29989,-29990,-29991,-29988,-29988,-29989,-29992,-29989,-29989,-29990,-29990,-29991,-29991,-29992,-29992,-29992,-29992,-29993]} 1. Nf3 g6 2. c4 Bg7 3. d4 d6 4. g3 c5 5. Bg2 Nc6 6. d5 {A41: 1 d4 d6: Tartakower System and Modern Defence} Na5 7. O-O (7. Na3 Nf6 8. Bd2 Bd7 9. Bc3 a6 10. O-O b5 11. cxb5 axb5 12. b4 Nb7 13. Nc2 O-O {½-½ (33) Raznikov,D (2494)-Romanov,E (2625) Jerusalem 2015}) 7... a6 8. Qc2 {LiveBook: 4 Games. White is slightly better.} b5 9. Nfd2 Rb8 $146 ({Predecessor:} 9... Nh6 10. Nc3 Bd7 11. Rb1 bxc4 12. Nd1 Nf5 13. e3 Rb8 {0-1 (23) O'Kelly de Galway,A-Szabo,L Solingen 1968}) 10. Nc3 Bd7 11. Nd1 f5 (11... h5 $15) 12. Rb1 $11 Nxc4 13. Nxc4 bxc4 14. Qxc4 (14. Bd2 $1 $11) 14... Qa5 $1 $15 15. a3 Qa4 (15... Qb5 $17 16. Qxb5 axb5) 16. b4 $11 a5 (16... cxb4 $15 17. axb4 (17. Rxb4 Rxb4 18. axb4 Kf7 $15) 17... Qb5) 17. Nc3 (17. Bb2 $1 $14 {was forced to keep a grip.} Nf6 18. Nc3) 17... Qc2 $17 18. Bb2 {Strongly threatening Rfc1.} axb4 19. Rfc1 Qxb1 {[%mdl 64] Remove Defender} 20. Nxb1 Bxb2 21. Rc2 bxa3 22. Nxa3 Bxa3 23. Qc3 Rb1+ 24. Bf1 Nf6 {Hoping for ...Bb4.} 25. Qxa3 {aiming for Qa8+.} Kf7 26. Kg2 ({Better is} 26. Rc1 Rxc1 27. Qxc1) 26... Rhb8 ({But not} 26... Nxd5 27. e4 $1 $17 {[%mdl 512]}) 27. e3 R8b4 28. Bc4 $2 (28. Qa2 $17) 28... Ba4 29. Rc1 R1b2 30. Kg1 (30. Re1 $142) 30... Ne4 $19 31. f3 Nd2 32. Be2 Bb5 33. Bd1 Bc4 34. Qa8 $2 (34. Qc3 {was forced.} Bxd5 35. Rc2 Rxc2 36. Qxc2 Nxf3+ 37. Bxf3 Bxf3 38. Qa2+ c4 39. Qa1) 34... Rb8 35. Qa5 $2 (35. Qa4) 35... Bxd5 36. Rc2 (36. Qc3 {was called for.}) 36... Rxc2 {[%mdl 64] Overworked Piece} 37. Bxc2 Nxf3+ 38. Kf2 Nxh2 39. Bd1 h5 {[%cal Bh7h5,Bh5g4][%mdl 32]} 40. Qc3 Ng4+ 41. Bxg4 hxg4 {[%mdl 4096] Endgame KQ-KRB} 42. Qa1 Ra8 43. Qc3 Ra2+ 44. Ke1 Rh2 45. Qd3 Ke6 46. Qc3 Kf7 47. Qd3 Be6 48. Qc3 Rg2 49. e4 fxe4 50. Qh8 Bf5 51. Qh7+ Ke8 52. Qh8+ {[#]} Kd7 $1 53. Qa8 (53. Qc3 $142) 53... Rxg3 54. Qa4+ Ke6 55. Qa2+ Kf6 56. Qb2+ Kf7 57. Qa2+ Be6 58. Qf2+ Rf3 59. Qh4 e3 60. Qh7+ Kf6 61. Qh4+ Kf7 {And now ...Bc4 would win.} 62. Qh7+ $1 Ke8 {Threatens to win with ...Bc4.} 63. Qxg6+ Kd7 64. Qe4 Bf5 65. Qa4+ Ke6 66. Ke2 Ke5 67. Qe8 e6 {Black mates.} 68. Qa4 d5 69. Qa1+ Kf4 70. Qf6 c4 71. Ke1 Rf2 72. Qh6+ Ke4 73. Qh1+ Kd4 74. Qh8+ e5 75. Qg7 Bd3 {[%csl Gd3][%cal Rf2f1]} 76. Qa7+ Ke4 {[%csl Gd3][%cal Rf2f1]} 77. Qh7+ Kf3 {[%csl Gd3][%cal Rf2f1]} 78. Qh1+ Kg3 79. Qg1+ Kh4 80. Qh1+ Kg5 {Accuracy: White = 30%, Black = 67%.} 0-1

[Event "25th Zadar Open 2018"]
[Site "Zadar"]
[Date "2018.12.21"]
[Round "8.13"]
[White "Jakic, Ivan"]
[Black "Bratkovic, Jakob"]
[Result "0-1"]
[WhiteElo "2393"]
[BlackElo "2239"]
[Annotator "ChessBase"]
[PlyCount "128"]
[EventDate "2018.12.15"]
[EventType "swiss"]
[EventCountry "CRO"]
[SourceTitle "playchess.com"]
[Source "ChessBase"]
[SourceQuality "1"]
[TimeControl "40/5400+30:1800+30"]

1. e4 {[%emt 0:00:30]} e5 {[%emt 0:03:30]} 2. Nf3 {[%emt 0:00:00]} Nc6 {[%emt 0:00:30]} 3. Bb5 {[%emt 0:00:00]} a6 {[%emt 0:00:00]} 4. Ba4 {[%emt 0:00:00]} Nf6 {[%emt 0:00:00]} 5. O-O {[%emt 0:01:00]} Be7 {[%emt 0:00:00]} 6. Re1 {[%emt 0:01:30]} b5 {[%emt 0:00:00]} 7. Bb3 {[%emt 0:00:00]} O-O {[%emt 0:00:30]} 8. h3 {[%emt 0:01:00]} Bb7 {[%emt 0:00:00]} 9. d3 {[%emt 0:01:30]} d5 {[%emt 0:01:00]} 10. Nbd2 {[%emt 0:02:30]} dxe4 {[%emt 0:06:30]} 11. dxe4 {[%emt 0:02:30]} Na5 {[%emt 0:02:30]} 12. Qe2 {[%emt 0:12:30]} Nxb3 {[%emt 0:05:30]} 13. axb3 {[%emt 0:00:30]} Re8 {[%emt 0:06:30]} 14. Nh2 {[%emt 0:02:30]} Bf8 {[%emt 0:23:30]} 15. Ng4 {[%emt 0:00:30]} Nd7 {[%emt 0:03:30]} 16. Nf1 {[%emt 0:01:30]} h5 {[%emt 0:00:30]} 17. Ngh2 {[%emt 0:02:30]} Nc5 {[%emt 0:02:30]} 18. Be3 {[%emt 0:05:30]} Nxe4 {[%emt 0:03:30]} 19. Qxh5 {[%emt 0:00:30]} Re6 {[%emt 0:05:30]} 20. Rad1 {[%emt 0:03:30]} Qe8 {[%emt 0:00:30]} 21. Qe2 {[%emt 0:06:30]} Qc6 {[%emt 0:01:30]} 22. f3 {[%emt 0:00:30]} Nf6 {[%emt 0:04:30]} 23. Ng4 {[%emt 0:02:30]} Nd5 {[%emt 0:00:30]} 24. Bf2 {[%emt 0:01:30]} Rae8 {[%emt 0:01:30]} 25. Qe4 {[%emt 0:01:30]} g6 {[%emt 0:01:30]} 26. Nge3 {[%emt 0:02:30]} Nf6 {[%emt 0:02:30]} 27. Qxc6 {[%emt 0:01:30]} Bxc6 {[%emt 0:01:30]} 28. Ng4 {[%emt 0:01:30]} Nh5 {[%emt 0:01:30]} 29. Nge3 {[%emt 0:09:30]} Nf4 {[%emt 0:01:30]} 30. Kh2 {[%emt 0:01:30]} Bd6 {[%emt 0:02:30]} 31. Bg3 {[%emt 0:05:30]} Nh5 {[%emt 0:05:55]} 32. Nd5 {[%emt 0:12:03]} Kg7 {[%emt 0:00:12]} 33. Kg1 {[%emt 0:02:35]} Nxg3 {[%emt 0:00:57]} 34. Nxg3 {[%emt 0:00:07]} e4 {[%emt 0:00:29]} 35. f4 {[%emt 0:03:06]} Bxd5 {[%emt 0:01:46]} 36. Rxd5 {[%emt 0:00:07]} Bxf4 {[%emt 0:00:04]} 37. Ne2 {[%emt 0:01:35]} Be3+ {[%emt 0:02:23]} 38. Kh2 {[%emt 0:00:04]} f5 {[%emt 0:00:26]} 39. Kg3 {[%emt 0:00:17]} Rc6 {[%emt 0:01:11]} 40. c3 {[%emt 0:00:00]} Kf6 {[%emt 0:00:00]} 41. h4 {[%emt 0:03:06]} Bc5 {[%emt 0:09:07]} 42. b4 {[%emt 0:01:30]} Bd6+ {[%emt 0:00:00]} 43. Kh3 {[%emt 0:00:30]} Rb6 {[%emt 0:04:00]} 44. Rf1 {[%emt 0:00:30]} Rbb8 {[%emt 0:02:30]} 45. g4 {[%emt 0:01:30]} Ke6 {[%emt 0:00:00]} 46. Rdd1 {[%emt 0:01:30]} Be5 {[%emt 0:01:00]} 47. gxf5+ {[%emt 0:02:30]} gxf5 {[%emt 0:00:30]} 48. Rg1 {[%emt 0:00:30]} Rbd8 {[%emt 0:03:30]} 49. h5 {[%emt 0:04:30]} Rxd1 {[%emt 0:00:30]} 50. Rxd1 {[%emt 0:00:30]} Rh8 {[%emt 0:00:00]} 51. Kh4 {[%emt 0:00:00]} Bf6+ {[%emt 0:04:00]} 52. Kg3 {[%emt 0:00:00]} Bg5 {[%emt 0:01:30]} 53. Nd4+ {[%emt 0:00:30]} Ke5 {[%emt 0:00:30]} 54. Nc6+ {[%emt 0:04:30]} Kf6 {[%emt 0:00:00]} 55. Rh1 {[%emt 0:02:30]} Be3 {[%emt 0:01:00]} 56. Nd4 {[%emt 0:03:30]} Bxd4 {[%emt 0:00:30]} 57. cxd4 {[%emt 0:00:00]} Kg5 {[%emt 0:00:30]} 58. Rc1 {[%emt 0:00:00]} f4+ {[%emt 0:01:30]} 59. Kg2 {[%emt 0:00:30]} Kg4 {[%emt 0:00:30]} 60. Rxc7 {[%emt 0:00:00]} Rxh5 {[%emt 0:00:00]} 61. Rg7+ {[%emt 0:02:00]} Rg5 {[%emt 0:00:00]} 62. Rd7 {[%emt 0:00:30]} e3 {[%emt 0:00:30]} 63. Re7 {[%emt 0:00:30]} f3+ {[%emt 0:00:30]} 64. Kf1 {[%emt 0:00:30]} Kf4 {[%emt 0:00:30]} 0-1